| 000 | 00520nam a2200169 a 4500 | ||
|---|---|---|---|
| 005 | 20210223120414.0 | ||
| 008 | 991125s1992 mx 000 0 spa u | ||
| 035 | _aUPN01000000385 | ||
| 049 | _aCG | ||
| 050 | 4 |
_aLE7.6331 _bF6.2 |
|
| 111 | 2 |
_aForo sobre Innovación Docente _n(2o : _d1992 : _cVillahermosa) |
|
| 245 | 1 | 3 |
_aUn acercamiento al proceso educativo en la UJAT : _bmemorias. |
| 260 |
_aVillahermosa : _bUJAT, _c1992. |
||
| 300 | _a305 p. | ||
| 610 | 2 | 4 |
_aUNIVERSIDAD JUAREZ AUTONOMA DE TABASCO _931564 |
| 905 | _aLibro | ||
| 999 |
_c385 _d385 |
||